• 首页
  • 本馆介绍
  • 公告通知
  • 最新文献
  • 馆藏检索
  • 电子资源
  • 读者导购
  • 参考咨询
  • 我的图书馆
  • 登录
  • 详细信息显示
  • 放入我的书架
  • 预约/预借图书
  • 作者相关作品
  • 分类相关作品
  • 丛书相关作品
  • 出版社相关作品

书目信息

  • 表格格式
  • 工作单格式
  • 卡片格式
题名:
环境艺术设计制图与透视
    
 
作者: 张葳 , 汤留泉 主编
分册:  
出版信息: 北京   中国轻工业出版社  2014.7
页数: 282页
开本: 29cm
丛书名:
单 册:
中图分类: TU204 , TU-856
科图分类:
主题词: 环境设计--建筑制图--高等教育--教材 , 环境设计--透视学--高等教育--教材 , 环境设计 , 建筑制图 , 透视学
电子资源:
ISBN: 978-7-5019-8337-7
000 01137nam0 2200325 450
001 0400004134
005 20171023141020.0
010    @a978-7-5019-8337-7@dCNY48.00
100    @a20120716d2014 em y0chiy50 ea
101 0  @achi
102    @aCN@b110000
105    @aa z 000yy
106    @ar
200 1  @a环境艺术设计制图与透视@9huan jing yi shu she ji zhi tu yu tou shi@f张葳,汤留泉主编
210    @a北京@c中国轻工业出版社@d2014.7
215    @a282页@c图@d29cm@e1光盘
300    @a普通高等教育“十二五”规划教材
307    @a附光盘:ISBN 978-7-89991-302-4
330    @a本书讲解了环境艺术设计的制图方法和透视原理,主要内容包括环境艺术设计制图基础、制图种类与方法、透视制图原理、阴影制图原理、图面配景与版式设计、优秀图纸解析等六大章节。
606 0  @a环境设计@x建筑制图@x高等教育@j教材
606 0  @a环境设计@x透视学@x高等教育@j教材
606 0  @a环境设计
606 0  @a建筑制图
606 0  @a透视学
690    @aTU204@v5
690    @aTU-856@v5
701  0 @a张葳@9zhang wei@f(1968~)@4主编
701  0 @a汤留泉@9tang liu quan@f(1980~)@4主编
801  0 @aCN@b91MARC@c20171023
905    @b1027936-40@dTU204@f5@e1089
    
    环境艺术设计制图与透视/张葳,汤留泉主编.-北京:中国轻工业出版社,2014.7
    282页:图;29cm+1光盘
    普通高等教育“十二五”规划教材
    
    ISBN 978-7-5019-8337-7:CNY48.00
    本书讲解了环境艺术设计的制图方法和透视原理,主要内容包括环境艺术设计制图基础、制图种类与方法、透视制图原理、阴影制图原理、图面配景与版式设计、优秀图纸解析等六大章节。
●
相关链接 在E读中查询图书 在五车中查询图书 在当当中查询图书 在豆瓣中查询图书


正题名:环境艺术设计制图与透视     索取号:TU204/1089         预约/预借

序号 登录号 条形码 馆藏地/架位号 状态 备注
1 1027936   210279367   第二样本阅览室/ [索取号:TU204/1089] 在馆    
2 1027937   210279376   密集书库-生命科学系/ [索取号:TU204/1089] 在馆    
3 1027938   210279385   第三借阅区/ [索取号:TU204/1089] 在馆    
4 1027939   210279394   第三借阅区/ [索取号:TU204/1089] 在馆    
5 1027940   210279401   第三借阅区/ [索取号:TU204/1089] 在馆    
唐山师范学院图书馆 欢迎您!
大连网信软件有限公司© 版权所有